Bon Jovi songs - Sudden Death - Statistics

General Stats
  • This quiz has been taken 290 times
  • The average score is 10 of 17
Answers on the Grid
Answers color-coded by a green-red scale on the quiz's grid according to % correct below.
Livin' On A Prayer
You Give Love A Bad Name
It's My Life
Always
Runaway
I'll Be There For You
All About Lovin' You
Wanted Dead Or Alive
She Don't Know Me
Lay Your Hands On Me
I'd Die For You
Only Lonely
Bad Medicine
Have A Nice Day
Dry County
Bohemian Rhapsody
I Want To Break Free
Starman
Cheri, Cheri Lady
One Man, One Woman
Listen To Your Heart
Body Language
Keep Yourself Alive
Voulez-Vous
I Was Born To Love You
The Man Who Sold The World
Social Disease
In These Arms
 
Answer Stats
Answer % Correct
Livin' On A Prayer
92%
You Give Love A Bad Name
89%
It's My Life
83%
Wanted Dead Or Alive
78%
Bad Medicine
77%
Runaway
75%
Always
72%
I'll Be There For You
69%
In These Arms
53%
Have A Nice Day
52%
I'd Die For You
52%
Lay Your Hands On Me
52%
Social Disease
42%
Dry County
40%
All About Lovin' You
36%
She Don't Know Me
36%
Only Lonely
32%
No matching quizzes found
Score Distribution
Percent of People with Each Score
Percentile by Number Answered
Your Score History
You have not taken this quiz